ARRUPE JESUIT UNIVERSITY

CORONAVIRUS -STOP THE SPREAD - CLEAN,DISINFECT,COVER

Moments of being : (Record no. 123889)

MARC details
000 -LEADER
fixed length control field 00977cam a2200313 i 4500
001 - CONTROL NUMBER
control field 13347
003 - CONTROL NUMBER IDENTIFIER
control field ARRUPE
005 - DATE AND TIME OF LATEST TRANSACTION
control field 20151216101210.0
008 - FIXED-LENGTH DATA ELEMENTS--GENERAL INFORMATION
fixed length control field 791210s1976 enk 001 0aeng
010 ## - LIBRARY OF CONGRESS CONTROL NUMBER
LC control number 76374515
015 ## - NATIONAL BIBLIOGRAPHY NUMBER
National bibliography number GB76-20173
020 ## - INTERNATIONAL STANDARD BOOK NUMBER
International Standard Book Number 0856210501 :
Terms of availability £4.80
035 ## - SYSTEM CONTROL NUMBER
System control number (OCoLC)2913150
035 ## - SYSTEM CONTROL NUMBER
System control number (OCoLC)ocm02913150
035 ## - SYSTEM CONTROL NUMBER
System control number (CStRLIN)NYCG13224174-B
035 ## - SYSTEM CONTROL NUMBER
System control number (NNC)13347
040 ## - CATALOGING SOURCE
Modifying agency CStRLIN
Transcribing agency DCL
050 0# - LIBRARY OF CONGRESS CALL NUMBER
Classification number PR6045.O72
Item number M61
082 ## - DEWEY DECIMAL CLASSIFICATION NUMBER
Classification number 823/.9/12
-- B
090 ## - LOCALLY ASSIGNED LC-TYPE CALL NUMBER (OCLC); LOCAL CALL NUMBER (OCLC)
Local cutter number (OCLC) ; Book number/undivided call number, CALL (RLIN) PR6045.O72Z496 1976
300 ## - PHYSICAL DESCRIPTION
Dimensions 23 cm.
100 1# - MAIN ENTRY--PERSONAL NAME
Personal name Woolf, Virginia,
Dates associated with a name 1882-1941.
9 (RLIN) 20211
245 10 - TITLE STATEMENT
Title Moments of being :
Remainder of title unpublished autobiographical writings /
Statement of responsibility, etc [by] Virginia Woolf ; edited with an introduction and notes by Jeanne Schulkind.
260 ## - PUBLICATION, DISTRIBUTION, ETC. (IMPRINT)
Place of publication, distribution, etc London :
Name of publisher, distributor, etc Chatto and Windus for Sussex University Press,
Date of publication, distribution, etc 1976.
300 ## - PHYSICAL DESCRIPTION
Extent 239 p. ;
500 ## - GENERAL NOTE
General note Includes index.
700 1# - ADDED ENTRY--PERSONAL NAME
Personal name Schulkind, Jeanne.
9 (RLIN) 21348
942 ## - ADDED ENTRY ELEMENTS (KOHA)
Source of classification or shelving scheme Library of Congress Classification
Koha item type Monograph ( Printed materials)

No items available.

 

Arrupe Library. PO Box MP320 Mt Pleasant, Harare, Zimbabwe
263 242 745411|librarian@aju.ac.zw